[Event "Torneo Magistral 6th"]
[Site "Madrid"]
[Date "1997.??.??"]
[Round "1"]
[White "Short, Nigel D"]
[Black "San Segundo, Pablo"]
[Result "1-0"]
[WhiteElo "2690"]
[BlackElo "2505"]

1.e4 c5 2.Nf3 Nc6 3.d4 cxd4 4.Nxd4 Nf6 5.Nc3 d6 6.Bg5 e6 7.Qd2 a6 8.O-O-O h6
9.Be3 Be7 10.f4 Nxd4 11.Bxd4 b5 12.Qe3 Qc7 13.e5 dxe5 14.fxe5 Nd7 15.Ne4 Bb7
16.Nd6+ Qxd6 17.exd6 Bg5 18.Qxg5 hxg5 19.Bxg7 Rh4 20.Bd4 f5 21.h3 Rc8 22.Rg1 Be4
23.c3 Rc6 24.Be3 g4 25.Bf2 Rh7 26.hxg4 fxg4 27.Be2 Bf5 28.Bg3 Nf6 29.Rd4 Rc5
30.Rgd1 e5 31.Rb4 Ne4 32.Be1 Rd7 33.a4 bxa4 34.Rxa4 a5 35.c4 Rxd6 36.Rxd6 Nxd6
37.Rxa5 Rxa5 38.Bxa5 Be4 39.Bb4 Nf5 40.Bxg4 Ne3 41.Bf3 Bf5 42.b3 Kd7 43.Bc5 Ng4
44.Kd2 Nf6 45.Bb6 Ne4+ 46.Ke3 Nd6 47.Bc5 Nf7 48.Be4 Bg4 49.Bd5 Ng5 50.b4 Ne6
51.Ke4  1-0